000 00574nam a2200181Ia 4500
003 GCL
008 140319s9999 xx 000 0 ara d
040 _aGCL /
_cGCL
082 0 4 _a214.27
_bا ا
100 1 _aالبرت حورانى
245 1 0 _aالاسلام فى الفكر الاوربى /
_cالبرت حورانى
300 _a254 ص
490 _aالهيئة العامة للاستعلامات
_v0
650 0 4 _aالاسلام والمسيحية
650 0 4 _aالثقافة الاسلامية
650 0 4 _aالاسلام فى اوربا
942 _2ddc
_cBK
999 _c47808
_d47808